书目信息 |
| 题名: |
新型超导体系相关系和晶体结构
|
|
| 作者: | 车广灿 , 陈小龙 , 梁敬魁 著 | |
| 分册: | ||
| 出版信息: | 北京 科学出版社 2006.06 |
|
| 页数: | 12, 644页 | |
| 开本: | 26cm | |
| 丛书名: | ||
| 单 册: | ||
| 中图分类: | O511 | |
| 科图分类: | ||
| 主题词: | 超导体--chao dao ti--研究 , 晶体结构--jing ti jie gou--研究 | |
| 电子资源: | ||
| ISBN: | 7-03-016992-1 | |
| 000 | 01077nam0 2200253 450 | |
| 001 | 012007272993 | |
| 005 | 20070509151733.65 | |
| 010 | @a7-03-016992-1@b精装@dCNY79.00 | |
| 100 | @a20070408d2006 km y0chiy0120 ea | |
| 101 | 0 | @achi |
| 102 | @aCN@b110000 | |
| 105 | @aa z 000yy | |
| 200 | 1 | @a新型超导体系相关系和晶体结构@Axin xing chao dao ti xi xiang guan xi he jing ti jie gou@f梁敬魁, 车广灿, 陈小龙著@Fliang jing kui,che guang can,chen xiao long zhu |
| 210 | @a北京@c科学出版社@d2006.06 | |
| 215 | @a12, 644页@c图@d26cm | |
| 330 | @a本书比较系统、全面的介绍除传统金属体系超导体外的新型无机超导体的合成、相关系、晶体结构和单晶体生长,为具有实际应用价值或理论研究意义和超导体的组分和合成工艺、单晶体生长条件的选择、改善性能的热处理工艺条件,以及探索新型超导体提供有价值的参考。 | |
| 606 | 0 | @a超导体@Achao dao ti@x研究 |
| 606 | 0 | @a晶体结构@Ajing ti jie gou@x研究 |
| 690 | @aO511@v4 | |
| 701 | 0 | @a车广灿@Ache guang can@4著 |
| 701 | 0 | @a陈小龙@Achen xiao long@4著 |
| 701 | 0 | @a梁敬魁@Aliang jing kui@4著 |
| 801 | 0 | @aCN@c20070509 |
| 905 | @a10447@dO511@eL401 | |
| 新型超导体系相关系和晶体结构/梁敬魁, 车广灿, 陈小龙著.-北京:科学出版社,2006.06 |
| 12, 644页:图;26cm |
| ISBN 7-03-016992-1(精装):CNY79.00 |
| 本书比较系统、全面的介绍除传统金属体系超导体外的新型无机超导体的合成、相关系、晶体结构和单晶体生长,为具有实际应用价值或理论研究意义和超导体的组分和合成工艺、单晶体生长条件的选择、改善性能的热处理工艺条件,以及探索新型超导体提供有价值的参考。 |
| ● |
| 相关链接 |
|
|
|
正题名:新型超导体系相关系和晶体结构
索取号:O511/L401
 
预约/预借
| 序号 | 登录号 | 条形码 | 馆藏地/架位号 | 状态 | 备注 |
| 1 | 239928 | 202399289 | 自科库401/401自科库 59排3列5层/ [索取号:O511/L401] | 在馆 | |
| 2 | 239929 | 202399298 | 自科库401/401自科库 59排3列5层/ [索取号:O511/L401] | 在馆 |